Vývoj podnikateľského prostredia na Slovensku v rokoch 2008-2013
Vývoj HDP v rokoch 2008-2013. Vývoj inflácie od roku 2010 a jej predikcia na roky 2013 a 2014. Zahraničný obchod Slovenskej republiky v rokoch 2011- 2013. Nezamestnanosť. Kvalita podnikateľského prostredia na Slovensku v skúmanom období. Výsledky umiestnenia krajín V4 v rebríčku globálnej konkurenci...
Salvato in:
| Autore principale: | |
|---|---|
| Natura: | Capitolo di libro |
| Lingua: | slovacco |
| Soggetti: | |
| Tags: |
Nessun Tag, puoi essere il primo ad aggiungerne!!
|
MARC
| LEADER | 00000nla a2200000 4500 | ||
|---|---|---|---|
| 001 | 0181126 | ||
| 005 | 20240502073113.4 | ||
| 041 | 0 | |a slo | |
| 044 | |a SK | ||
| 245 | 1 | 0 | |a Vývoj podnikateľského prostredia na Slovensku v rokoch 2008-2013 |c Bernadeta Kľučiková |
| 520 | |a Vývoj HDP v rokoch 2008-2013. Vývoj inflácie od roku 2010 a jej predikcia na roky 2013 a 2014. Zahraničný obchod Slovenskej republiky v rokoch 2011- 2013. Nezamestnanosť. Kvalita podnikateľského prostredia na Slovensku v skúmanom období. Výsledky umiestnenia krajín V4 v rebríčku globálnej konkurencieschopnosti v rokoch 2008-2013. Podnikateľské prostredie v súčasnosti dosahuje najhoršie výsledky v histórii. | ||
| 610 | 2 | 0 | |a podnikanie |
| 610 | 2 | 0 | |a prostredie podnikateľské |
| 610 | 2 | 0 | |a kvalita |
| 610 | 2 | 0 | |a konkurencieschopnosť |
| 610 | 2 | 0 | |a Slovensko |
| 100 | 1 | |a Kľučiková, Bernadeta | |